| 000 | 00384 a2200169 4500 | ||
|---|---|---|---|
| 001 | 189688 | ||
| 020 | _a978-85-262-4891-5 | ||
| 040 | _cMagnum | ||
| 100 | _aCompany, Mercè | ||
| 240 | 1 | 0 |
_aAs trigêmeas e cinderela _lpor |
| 245 | 1 | 0 | _aAs trigêmeas e cinderela |
| 300 | _a31 | ||
| 362 | 0 | _a2003 | |
| 440 | 1 | _aScipione | |
| 697 | _aLITERATURA INFANTIL ESPANHOLA | ||
| 942 | _cBK | ||
| 999 |
_c189688 _d189688 |
||